000 00584nam a22001937a 4500
003 OSt
005 20140310182955.0
008 130207t xxu||||| |||| 00| 0 eng d
020 _a971085657x
050 _aLB 1028
_b.C35 1994
100 _aCalmorin, Laurentina Paler.
245 _aEducational research measurement and evaluation /
_cLaurentina Paler-Calmorin.
260 _aMandaluyong City :
_b National Book Store,
_c1994.
300 _a293 p. :
_bill. ;
_c23 cm.
521 _aEDU
650 _a Educational tests and measurement.
942 _2lcc
_cBK
_kLOC
999 _c17984
_d17984